| 000 | 00583nam a22001937a 4500 | ||
|---|---|---|---|
| 003 | OSt | ||
| 005 | 20251216063700.0 | ||
| 008 | 251216b |||||||| |||| 00| 0 eng d | ||
| 020 | _a971-12-0244-1. | ||
| 040 |
_aDWCL-Admin _cOC |
||
| 082 | _aFil. 657.45 F898t 2001 | ||
| 100 | _aFrias, Solita A. | ||
| 245 |
_aTextbook in auditing practice / _cSolita A. Frias |
||
| 260 |
_a Makati City : _bGoodwill Trading Co., Inc., _cc2001. |
||
| 300 |
_a436 p. : _bill. ; _c25 cm. |
||
| 504 | _aIncludes index. | ||
| 650 | _a1. Auditing-Textbooks. | ||
| 942 |
_2ddc _cBK - FIL _e 3rd ed. _kFil. _n0 |
||
| 999 |
_c7122 _d7122 |
||